Σταδιοδρομία - έργο

Αποθηκεύτηκε σε:
Λεπτομέρειες βιβλιογραφικής εγγραφής
Κύριος συγγραφέας: Παντελίδης, Γεώργιος Ν., 1936-2019
Μορφή: Βιβλίο
Γλώσσα:Greek
Δημοσίευση: Θεσσαλονίκη : [χ.ό.], 1986.
Θέματα:
Ετικέτες: Προσθήκη ετικέτας
Δεν υπάρχουν, Καταχωρήστε ετικέτα πρώτοι!

MARC

LEADER 00000nam a2200000 a 4500
001 1/126204
008 230228t1986 gr | ||| |||| ||gre||
040 |a GR-MyUa  |b gre  |c GR-MyUa  |e AACR2 
041 0 |a gre 
082 7 |a 510.92   |2 (23) 
100 1 |a Παντελίδης, Γεώργιος Ν.,   |d 1936-2019. 
245 1 0 |a Σταδιοδρομία - έργο /   |c Γεωργίου Ν. Παντελίδη.  
260 |a Θεσσαλονίκη :   |b [χ.ό.],   |c 1986.  
300 |a 31, [16] σ. ;   |c 24 εκ.  
500 |a Στη σελίδα τίτλου υπάρχει ιδιόχειρη αφιέρωση "Καθηγητήν κ. Καίσαρα Αλεξόπουλον Ακαδημαϊκόν, Με ιδιαίτερη τιμή Υπογραφή Παντελίδης".  
600 1 0 |a Παντελίδης, Γεώργιος Ν.,   |d 1936-2019. 
650 0 |a Mathematicians  |z Greece  |x Biography. 
852 |a INST  |b SAMOS  |e 20230228  |h 510.92 ΠΑΝ  |p 005300048123  |q 005300048123  |t BK  |y 0 
970 |a Γουβάλα  |b Βάσω  |z 28-02-2023